000 00287nam a22001337a 4500
008 170818b xxu||||| |||| 00| 0 eng d
020 _a0321459202
041 _aeng
080 _23RD
_a51
100 _a37
101 _aMAT
245 _aCOLLEGE ALGEBRA
_cBEECHER,J.A
942 _2udc
_cBK
999 _c24071
_d24071